000 01394nam0a22003731 4500
001 RU\NLR\A1SV\77685
005 20260225112254.1
035 _a(NLR Aleph) 009759151
090 _a10011447
_c10011447
100 _a20070306d1926 u y0rusy50 ca
101 1 _arus
102 _aRU
200 1 _aОдиночное боевое обучение
_eПособие для рук. и обучаемых
_fФ.Липпман
_gПер. с нем. К.Монигетти, под ред. В.Белолипецкого
210 _aМ.
_aЛ.
_cГос. воен. изд-во
_d1926
215 _a124 с., 64 л. ил.
_cил.
_d18 см
300 _aНапеч. в Ленинграде
300 _aДоб. тит. л.: Die einzelgefechtausbildubg. Ein buch fü lehrer und schüler. Von Franz Lippmann hauptmann im Bayr. inf.-rgt. Charlottenburg, "Offene worte", 1926
620 _dМосква
620 _dСанкт-Петербург
700 1 _aЛиппман
_bФ.
_gФранц
702 1 _aМонигетти
_bК.
702 1 _aБелолипецкий
_bВ. Е.
_f1869-1943
_gВалериан Ерофеевич
801 0 _aRU
_bNLR
_c20070306
852 _aNLR
_j19/939
899 _aРКП
899 _aРГБ
899 _aНБУВ
899 _aНБ Бел.
899 _aКирОУНБ
942 _cBOOK
980 _aNB
980 _aA1SV
980 _aA1SV